| 000 | 00697nam a22001817a 4500 | ||
|---|---|---|---|
| 999 |
_c372255 _d372255 |
||
| 008 | 201222b ||||| |||| 00| 0 eng d | ||
| 040 |
_aDE-2950 _bger _cDE-2950 _erda |
||
| 041 | _ager | ||
| 245 |
_aÜber die Rolle des HFO. _bStadtgeschichte. Vortrag im IHP widmet sich dem Halbleiterwerk "im Sektoralen Innovationssystem der Halbleiter- und Mikroelektronik der DDR". _cpm/mm. |
||
| 264 | _c2023 | ||
| 653 | _aFrankfurt (Oder) | ||
| 653 | _aHalbleiterwerk | ||
| 773 |
_tMärkischer Markt _dFrankfurt (Oder): Märkisches Verlags- und Druckhaus GmbH & Co. KG _g32. Jahrgang (2023) KW 9 vom 01.03.2023, S. 1 |
||
| 942 | _cA | ||